The Wizard of Oz (1939): Characters by Picture - Statistics

General Stats
  • This quiz has been taken 106 times
    105 since last reset
  • The average score is 8 of 8
Answer Stats
Picture Answer % Correct
Dorothy Gale
98%
Glinda the Good Witch of the North
97%
The Cowardly Lion
95%
The Scarecrow
93%
The Tin Woodman
93%
Toto
93%
The Wizard of Oz
92%
Wicked Witch of the West
92%
No matching quizzes found
Score Distribution
Percent of People with Each Score
Percentile by Number Answered
Your Score History
You have not taken this quiz since the last reset